000 00548nam a2200193 4500
003 DO-SdBNP
005 20180215151237.0
008 161205b 1979 xxu ||||| |||| 00| 0 spa d
020 _a0852293585
040 _aBPMSU
_bspa
_cBPMSU
245 0 0 _aColores.
260 _a[s. l] :
_bEncyclopaedia Britannica,
_c1979.
300 _344 p. :
_bil. ;
_c25 cm.
490 1 _aBiblioteca infantil de Britannica
_v3
830 0 _aBiblioteca infantil de Britannica
_v3
942 _2ddc
_cBK
945 _aInventariado, 2018 /LP
956 _aDGARCIA
_b10
999 _c12258
_d12258